000 00719nam a2200217Ii 4500
003 JO-AjNU
008 230605s9999||||xx |||||||||||||| ||und||
017 _a2014/5/2050
040 _aJO-AjNU
_bara
_erda
_cJO-AjNU
041 _aara
050 1 4 _aPJ7802.A222.A15 2014
100 3 _aعبابنة، يحيى,
_eauthor
_956826
245 0 0 _aقربان مؤاب
264 3 1 _aعمان: وزارة الثقافة، 2014
300 _a222ص
336 _atext
_btxt
_2rdacontent
337 _aunmediated
_bn
_2rdamedia
338 _avolume
_bnc
_2rdacarrier
490 0 _aمكتبة الاسرة ومهرجان القراءة للجميع، 2014
650 4 _aالادب العربي - القصص العربية
_956827
999 _aA25429
_c28997
_d28997